000
00366nam a2200157Ia 4500
008
151213s9999 xx 000 0 und d
100
_a
E.PG.Gohl
245
_a
Textile Science
_c
E.PG.Gohl
250
_a
3rd
260
_a
New Delhi
_b
C B S
_c
1983
300
_a
8617 p.
650
_a
Textile
650
_a
Textile Engineering
700
_a
E.PG.Gohl
999
_c
4407
_d
4407